[Event "I Antonio Rocha Mem"]
[Site "Campinas BRA"]
[Date "2011.01.19"]
[Round "7.5"]
[White "Santos,Marcu"]
[Black "Di Berardino,D"]
[Result "0-1"]
[WhiteElo "2365"]
[BlackElo "2490"]

1.e4 c5 2.Nf3 d6 3.Bb5+ Bd7 4.Bxd7+ Qxd7 5.O-O Nf6 6.e5 dxe5 7.Nxe5 Qc8 8.Qf3 Nbd7
9.Nc4 e6 10.Nc3 Be7 11.d3 O-O 12.Bf4 Nb6 13.Nd6 Bxd6 14.Bxd6 Re8 15.Rfe1 Nbd5
16.Ne4 Nxe4 17.dxe4 Nb6 18.e5 c4 19.Rad1 Nd5 20.h4 Qc6 21.Re4 f5 22.Red4 Rad8
23.Qe2 Rc8 24.Kh2 Red8 25.g4 fxg4 26.Qxg4 Qd7 27.Rxc4 Rxc4 28.Qxc4 Rc8 29.Qe4 Qf7
30.Kg3 b5 31.Rd4 h6 32.c3 a6 33.Qg4 h5 34.Qf3 Qg6+ 35.Kh2 Rd8 36.Qe4 Qf7
37.Kg3 Rd7 38.a4 Rb7 39.axb5 axb5 40.c4 bxc4 41.Rxc4 Rb3+ 42.Kg2 Qb7 43.Ba3 Rd3
44.Kh2 Rd2 45.Qf3 Qb8 46.Bd6 Qe8 47.b4 Rb2 48.Qg3 Kh7 49.Qd3+ Kg8 50.Qg3 Rd2
51.Rc1 Rd4 52.f3 Rd2+ 53.Kh1 Kh7 54.Bc5 Qf7 55.Ra1 Qf5 56.Ra7 Rd1+ 57.Bg1 Qf8
58.b5 Rb1 59.b6 Nf4 60.Ra2 Qf5 61.Ra7 Qf8 62.Ra2 Qf5 63.Ra7 Rxg1+ 64.Qxg1 Qh3+
65.Qh2 Qxf3+  0-1

[Event "3rd Chennai Open"]
[Site "Chennai IND"]
[Date "2011.01.19"]
[Round "2"]
[White "Dzhumaev,M"]
[Black "Gomes,Mary"]
[Result "1-0"]
[WhiteElo "2493"]
[BlackElo "2306"]

1.e4 c5 2.Nf3 d6 3.Bb5+ Bd7 4.Bxd7+ Nxd7 5.O-O Ngf6 6.Qe2 e6 7.b3 Be7 8.Bb2 O-O
9.d3 Qc7 10.Nfd2 Ne5 11.f4 Nc6 12.Nf3 Nd7 13.Kh1 Bf6 14.Nc3 a6 15.e5 dxe5
16.Ne4 Nd4 17.Nxf6+ Nxf6 18.Qxe5 Qxe5 19.fxe5 Nxf3 20.exf6 Nd4 21.fxg7 Rfd8
22.Rf2 Kxg7 23.Re1 Rd7 24.Re4 Re8 25.Rg4+ Kf8 26.Rh4 Kg8 27.a4 e5 28.Rg4+ Kh8
29.h3 b5 30.Rf6 bxa4 31.bxa4 Nxc2 32.Rxa6 Nd4 33.Bc3 f5 34.Rg5 Rg8 35.Rxg8+ Kxg8
36.a5 e4 37.dxe4 fxe4 38.Rb6 Rc7 39.a6 Nc6 40.Kg1 Kf7 41.Kf2 Ne7 42.Be5 Rd7
43.Rb7 Rd2+ 44.Ke3 Ra2 45.Bd6  1-0

[Event "TCh-AUT 2010-11"]
[Site "Graz AUT"]
[Date "2011.01.20"]
[Round "4.2"]
[White "Drabke,L"]
[Black "Polzin,R"]
[Result "1-0"]
[WhiteElo "2439"]
[BlackElo "2494"]

1.e4 c5 2.Nf3 d6 3.Bb5+ Bd7 4.Bxd7+ Qxd7 5.O-O Nf6 6.Qe2 Nc6 7.Rd1 e6 8.d4 cxd4
9.Nxd4 Be7 10.c4 Nxd4 11.Rxd4 Qc6 12.Nc3 a6 13.a4 Nd7 14.Rd1 Rc8 15.b3 Bf6
16.Bb2 O-O 17.Rab1 Nc5 18.Qc2 Be5 19.Re1 g6 20.Ba1 Qb6 21.Re2 Qd8 22.Rd1 Qf6
23.Re3 g5 24.Rf3 Qg7 25.b4 Nd7 26.Qb3 g4 27.Rfd3 a5 28.Rxd6 axb4 29.Nb5 Nc5
30.Bxe5 Qxe5 31.Qxb4 Nxe4 32.Rd7 Qc5 33.Qe1 Nf6 34.R7d4 Ra8 35.Qe3 Qh5 36.Rf4 Rfd8
37.Re1 Qg6 38.a5 Rxa5 39.Qc3 Nh5 40.Qxa5  1-0

[Event "Jimmy Quon Memorial"]
[Site "Los Angeles USA"]
[Date "2011.01.20"]
[Round "2"]
[White "Khachiyan,M"]
[Black "Molner,M"]
[Result "1/2-1/2"]
[WhiteElo "2518"]
[BlackElo "2458"]

1.e4 c5 2.Nf3 d6 3.Bb5+ Nc6 4.Bxc6+ bxc6 5.O-O e5 6.c3 Nf6 7.Re1 Be7 8.d4 cxd4
9.cxd4 Qc7 10.dxe5 dxe5 11.b3 Be6 12.Bb2 Nd7 13.Nbd2 O-O 14.Qc2 f6 15.Rac1 Rfc8
16.Nc4 a5 17.Nfd2 Nb6 18.Nxb6 Qxb6 19.Nc4 Qb5 20.a4 Qa6 21.Red1 Rab8 22.Rd3 Rd8
23.h3 Bxc4 24.Rxd8+ Rxd8 25.Qxc4+ Qxc4 26.Rxc4 Rd1+ 27.Kh2 Bb4 28.Bc1 Rd3
29.Rxc6 Rxb3 30.Rc2 Rb1 31.Bb2 Re1 32.f3 Rd1 33.g3 Kf7 34.Kg2 Ke6 35.f4 Rd3
36.Re2 Kd6 37.h4 Bc5 38.Bc1 h5 39.Rd2 Rxd2+ 40.Bxd2 Bb4 41.Be3 Bc5 42.Bd2 Bb4
43.Be3 Bc5  1/2-1/2

[Event "3rd Chennai Open"]
[Site "Chennai IND"]
[Date "2011.01.21"]
[Round "6"]
[White "Stany,G"]
[Black "Nimmy,A"]
[Result "1-0"]
[WhiteElo "2395"]
[BlackElo "2208"]

1.e4 c5 2.Nf3 d6 3.Bb5+ Nd7 4.d4 cxd4 5.Qxd4 e5 6.Qd3 Be7 7.Nc3 Nf6 8.Bg5 O-O
9.Bxd7 Qxd7 10.Rd1 Rd8 11.O-O Qg4 12.Qb5 h6 13.Bxf6 Bxf6 14.Rd3 b6 15.Rfd1 Bb7
16.h3 Qe6 17.Qa4 Be7 18.Nd5 Bxd5 19.Rxd5 Rdc8 20.c3 Rc5 21.Rxc5 dxc5 22.Rd5 Bf6
23.c4 a6 24.Qa3 g5 25.Qd3 Rb8 26.b3 Kg7 27.Nh2 Qe7 28.Ng4 b5 29.Rd7 bxc4
30.bxc4 Qf8 31.Rd6 Be7 32.Rxh6 f6 33.Qd7 Rb1+ 34.Kh2 Qd8 35.Qf5 Qg8 36.Rg6+  1-0

[Event "Belgrade Individual 2011"]
[Site "Belgrade SRB"]
[Date "2011.01.22"]
[Round "1.20"]
[White "Jandric,D"]
[Black "Vujacic,Bo"]
[Result "0-1"]
[WhiteElo "1924"]
[BlackElo "2302"]

1.e4 c5 2.Nf3 d6 3.Bb5+ Nc6 4.O-O Bd7 5.Re1 a6 6.Bxc6 Bxc6 7.c3 Nf6 8.e5 dxe5
9.Nxe5 Qd5 10.Nxc6 Qxc6 11.d4 Rd8 12.Be3 e6 13.Nd2 cxd4 14.Bxd4 Be7 15.Qb3 O-O
16.Nf3 Rd5 17.Rad1 Rfd8 18.Ne5 Qc7 19.h3 b5 20.Nf3 Qc6 21.Be5 h6 22.Rxd5 Nxd5
23.Bg3 Nb6 24.Rd1 Rxd1+ 25.Qxd1 f6 26.Bf4 e5 27.Bc1 Qe4 28.Be3 Nd5 29.Ba7 Kf8
30.Ne1 Kf7 31.Nd3 Qc4 32.Nc1 Ke6 33.a3 f5 34.Qe2 Qc7 35.Be3 Nxe3 36.Qxe3 Bg5
37.Qe1 Qd6 38.Ne2 Kf6 39.Ng3 Qd3 40.Nh5+ Kg6 41.Ng3 e4 42.Qe2 Kf6 43.Qh5 g6
44.Qe2 Bf4 45.Qxd3 exd3 46.Kf1 Bc1 47.b3 Bb2 48.f3 Ke5 49.Ke1 Bxc3+ 50.Kd1 Kd4  0-1

[Event "3rd Chennai Open"]
[Site "Chennai IND"]
[Date "2011.01.22"]
[Round "7"]
[White "Zherebukh,Y"]
[Black "Areshchenko,A"]
[Result "1/2-1/2"]
[WhiteElo "2565"]
[BlackElo "2671"]

1.e4 c5 2.Nf3 d6 3.Bb5+ Bd7 4.Bxd7+ Qxd7 5.c4 Nf6 6.Nc3 g6 7.d4 cxd4 8.Nxd4 Bg7
9.h3 Qc7 10.b3 Qa5 11.Bd2 Nxe4 12.Nxe4 Qe5 13.Qb1 f5  1/2-1/2

[Event "TCh-CZE 2010-11"]
[Site "Czech Rep CZE"]
[Date "2011.01.22"]
[Round "6.5"]
[White "Velicka,P"]
[Black "Cernousek,L"]
[Result "1-0"]
[WhiteElo "2490"]
[BlackElo "2410"]

1.e4 c5 2.Nf3 d6 3.Bb5+ Nd7 4.d4 Nf6 5.O-O a6 6.Bxd7+ Nxd7 7.Nc3 cxd4 8.Qxd4 e6
9.Be3 Qc7 10.Rfd1 Ne5 11.Nxe5 dxe5 12.Qb6 Qxb6 13.Bxb6 Bd7 14.Bc7 f6 15.Bd6 O-O-O
16.f3 Bc6 17.Bxf8 Rhxf8 18.Kf2 Kc7 19.Ke3 a5 20.Rxd8 Rxd8 21.Rd1 Rxd1 22.Nxd1 Bb5
23.Nf2 Kd6 24.Nd3 b6 25.b3 g5 26.g4 Be8 27.c4 Bc6 28.a3 Be8 29.b4 axb4 30.axb4 h5
31.Nf2 Bg6 32.Nh1 h4 33.Nf2 Be8 34.Kd3 b5 35.Nd1 Bc6 36.Nc3 bxc4+ 37.Kxc4 Bd7
38.b5 Bc8 39.Na4 Bd7 40.Nb2 Be8 41.Kb4 Bd7 42.Nc4+ Kc7 43.Kc5 Bc8 44.Na5  1-0

[Event "TCh-AUT 2010-11"]
[Site "Graz AUT"]
[Date "2011.01.22"]
[Round "6.2"]
[White "Nanu,C"]
[Black "Polzin,R"]
[Result "1/2-1/2"]
[WhiteElo "2521"]
[BlackElo "2494"]

1.e4 c5 2.Nf3 d6 3.Bb5+ Bd7 4.Bxd7+ Qxd7 5.c4 Nf6 6.Nc3 g6 7.d4 cxd4 8.Nxd4 Bg7
9.h3 O-O 10.Be3 Nc6 11.O-O a6 12.a4 e6 13.Rc1 Rac8 14.b3 Qe7 15.Qd2 Nd7 16.Rfd1 Nc5
17.Rb1 Nb4 18.Nde2 Rfd8 19.Ng3 h5 20.Nge2 Kh7 21.Bg5 Bf6 22.Bf4 Ncd3 23.Be3 Nc5
24.a5 Qc7 25.Na2 Nxa2 26.Qxa2 Qc6 27.f3 Be5 28.Rbc1 Rg8 29.Nd4 Qe8 30.b4 Nd7
31.Qd2 Qe7 32.f4 Bxd4 33.Qxd4 Nf6 34.Qxd6 Qxd6 35.Rxd6 Rgd8 36.Rb6 Rd7 37.f5 Rd3
38.Rxb7 Nxe4 39.Re1 gxf5 40.b5 Ra3 41.bxa6 Rxa5 42.a7 Rxc4 43.Rxf7+ Kg6 44.Rf8 Rca4
45.h4 Rxa7 46.Bxa7 Rxa7 47.Rg8+ Kf6 48.Rh8 Kg6 49.Rc1 Ra6 50.Kh2 Nf6 51.Kg1 Ra4
52.Re1 Ra6 53.Rb8 Rc6 54.Ra8 Rb6 55.Rea1 Rb5 56.R8a5 Rb4 57.R5a4 Rb5 58.Ra5  1/2-1/2

[Event "Marienbad Open"]
[Site "Marianske Lazne CZE"]
[Date "2011.01.22"]
[Round "9"]
[White "Novotny,M1"]
[Black "Sharapov,E"]
[Result "1/2-1/2"]
[WhiteElo "2275"]
[BlackElo "2468"]

1.e4 c5 2.Nf3 d6 3.Bb5+ Bd7 4.Bxd7+ Qxd7 5.c4 Nf6 6.Nc3 g6 7.d4 cxd4 8.Nxd4 Bg7
9.O-O O-O 10.f3 Rc8 11.b3  1/2-1/2

[Event "Belgrade Individual 2011"]
[Site "Belgrade SRB"]
[Date "2011.01.23"]
[Round "2.6"]
[White "Stamatovic,A"]
[Black "Velickovic,Sa"]
[Result "1-0"]
[WhiteElo "2213"]
[BlackElo "2418"]

1.e4 c5 2.Nf3 d6 3.Bb5+ Bd7 4.Bxd7+ Qxd7 5.O-O Nc6 6.c3 d5 7.exd5 Qxd5 8.d4 Rd8
9.Qa4 cxd4 10.Nxd4 Qa5 11.Qb3 Nxd4 12.cxd4 Rd7 13.Nc3 Nf6 14.Be3 e6 15.d5 exd5
16.Nb5 Be7 17.Bxa7 O-O 18.Bd4 Ne4 19.Rfd1 Rc8 20.Nc3 Bb4 21.Ne2 Bf8 22.a3 Qa6
23.Nf4 Qc4 24.Qh3 Qc6 25.Be3 Rcd8 26.Rac1 Qf6 27.Nd3 Qe6 28.Qf3 f6 29.h3 g5
30.Bd4 Bg7 31.Re1 f5 32.Nc5 Qg6 33.Bxg7 Rxg7 34.Nd3 Kh8 35.Red1 Re8 36.Qe3 g4  1-0

[Event "Gibraltar Masters"]
[Site "Caleta ENG"]
[Date "2011.01.25"]
[Round "1.29"]
[White "Estrada Nieto,J"]
[Black "Kosintseva,T"]
[Result "0-1"]
[WhiteElo "2309"]
[BlackElo "2570"]

1.e4 c5 2.Nf3 d6 3.Bb5+ Nc6 4.O-O Bd7 5.c3 Nf6 6.Re1 a6 7.Ba4 b5 8.Bc2 Bg4
9.d3 e6 10.Nbd2 Be7 11.h3 Bh5 12.Nf1 O-O 13.Ng3 Bg6 14.d4 d5 15.exd5 Qxd5
16.Bxg6 hxg6 17.dxc5 Qxd1 18.Rxd1 Bxc5 19.Be3 Bxe3 20.fxe3 Nd5 21.Kf2 Na5
22.Ne5 Rfc8 23.e4 Nb6 24.Nd7 Na4 25.Rd4 Rc7 26.b4 Nc4 27.Ne2 Raa7 28.Nb8 Ne5
29.Rd6 Rc8 30.Rxa6 Rb7 31.Rxa4 bxa4 32.Na6 Rd7 33.b5 Nc4 34.Rb1 Nb6 35.Ke3 Nc4+
36.Kf2 Nb6 37.Ke3 e5 38.Nb4 Rc5 39.Na6 Rc8 40.Nb4 Nc4+ 41.Kf2 Nd2 42.Rb2 Nxe4+
43.Ke3 Nxc3 44.Nxc3 Rxc3+ 45.Ke4 Rc4+ 46.Ke3 Rb7 47.Na6 e4 48.g4 f5 49.gxf5 gxf5
50.Kf4 g6 51.Ke5 e3 52.Kd5 Rc8 53.Nc5 e2  0-1

[Event "3rd Chennai Open"]
[Site "Chennai IND"]
[Date "2011.01.26"]
[Round "11"]
[White "Nabaty,T"]
[Black "Areshchenko,A"]
[Result "1/2-1/2"]
[WhiteElo "2565"]
[BlackElo "2671"]

1.e4 c5 2.Nf3 d6 3.Bb5+ Bd7 4.Bxd7+ Qxd7 5.c4 Nf6 6.Nc3 g6 7.d4 cxd4 8.Nxd4 Bg7
9.O-O O-O 10.f3 Rc8 11.b3 d5 12.exd5 Nxd5 13.Nxd5 e6 14.Bh6 exd5 15.Bxg7 Kxg7
16.Nb5 dxc4 17.Nd6 Rd8 18.Nxb7 Qxd1 19.Rfxd1 Rxd1+ 20.Rxd1 cxb3 21.axb3 Nc6
22.Rd6 Rb8 23.Rxc6 Rxb7 24.Ra6 Rxb3 25.Rxa7  1/2-1/2

[Event "Oceania Zonal"]
[Site "Rotorua NZL"]
[Date "2011.01.26"]
[Round "2.3"]
[White "Lane,G"]
[Black "Oliver,G"]
[Result "1-0"]
[WhiteElo "2373"]
[BlackElo "2210"]

1.e4 c5 2.Nf3 d6 3.Bb5+ Bd7 4.Bxd7+ Qxd7 5.c4 e5 6.Nc3 Nc6 7.a3 g6 8.d3 Bg7
9.Rb1 a5 10.Nd5 Qd8 11.Qb3 Ra7 12.Qb5 a4 13.Bd2 Bh6 14.Bc3 Ne7 15.Nb6 O-O
16.Nxa4 Nd4 17.Bxd4 exd4 18.O-O Qc7 19.Nb6 Qc6 20.Qb3 f5 21.Nd5 Nxd5 22.exd5 Qd7
23.Rfe1 Rb8 24.Re6 b5 25.h4 Rab7 26.Qc2 bxc4 27.dxc4 Rb3 28.h5 d3 29.Qd1 Qa4
30.hxg6 Qxc4 31.gxh7+ Kxh7 32.Ng5+  1-0

[Event "Belgrade Individual 2011"]
[Site "Belgrade SRB"]
[Date "2011.01.27"]
[Round "6.4"]
[White "Radlovacki,J"]
[Black "Radusinovic,L"]
[Result "1/2-1/2"]
[WhiteElo "2420"]
[BlackElo "2290"]

1.e4 c5 2.Nf3 d6 3.Bb5+ Nc6 4.Bxc6+ bxc6 5.O-O e5 6.c3 g5 7.d3 g4 8.Ne1 Bg7
9.Nc2 Ne7 10.f4 exf4 11.Bxf4 Ng6 12.Bc1 Qh4 13.Qe2 h5 14.Ne3 Be5 15.g3 Qh3
16.Qg2 Qxg2+ 17.Nxg2 h4 18.Nxh4 Nxh4 19.gxh4 Rxh4 20.Bf4 Bxf4 21.Rxf4 Rh3
22.d4 cxd4 23.cxd4 Rd3 24.d5 cxd5 25.Nc3 dxe4 26.Nxe4 f5 27.Ng3 Rd5 28.Raf1 Rb8
29.Nxf5 Bxf5 30.Rxf5 Rxf5 31.Rxf5 Rxb2 32.Ra5 Ke7 33.Rxa7+ Kf6  1/2-1/2

[Event "Gibraltar Masters"]
[Site "Caleta ENG"]
[Date "2011.01.27"]
[Round "3.51"]
[White "Karim,I"]
[Black "Sreeves,C"]
[Result "1/2-1/2"]
[WhiteElo "2375"]
[BlackElo "2093"]

1.e4 c5 2.Nf3 d6 3.Bb5+ Bd7 4.Bxd7+ Qxd7 5.O-O Nf6 6.e5 dxe5 7.Nxe5 Qc8 8.Qf3 e6
9.Nc3 Be7 10.d3 O-O 11.Bf4 Nfd7 12.Qg3 Nxe5 13.Bxe5 f6 14.Bxb8 Rxb8 15.Rae1 Re8
16.Re2 Qc6 17.Rfe1 Bf8 18.Qg4 f5 19.Qc4 b5 20.Qf4 Bd6 21.Qe3 Rb7 22.b3 e5
23.Qg5 Rf7 24.Re3 Be7 25.Qh5 Bf6 26.Qf3 e4 27.dxe4 Bxc3 28.Rxc3 Rxe4 29.Rxe4 fxe4
30.Qe3 Qd5 31.h3 Rf5 32.Qe2 Re5 33.Qg4 h6 34.Qf4 Re6 35.Rg3 Rf6 36.Qg4 Rf7
37.Qg6 Kh8 38.Re3 Qf5 39.Qxf5 Rxf5 40.Kf1 Rd5 41.Ke1 Kg8 42.Rxe4 Kf7 43.Ke2 h5
44.g3 g5 45.g4 hxg4 46.hxg4 Kf6 47.Re8 c4 48.Rf8+ Ke6 49.Re8+ Kf6 50.bxc4 bxc4
51.Rc8 Ra5 52.Rxc4 Rxa2 53.Ke3 a5 54.Rc6+ Kf7 55.f3 a4 56.Ke4 Kf8 57.Re6 a3
58.Ke5 Kf7 59.c4  1/2-1/2

[Event "Gibraltar Masters"]
[Site "Caleta ENG"]
[Date "2011.01.27"]
[Round "3.19"]
[White "Tabatt,H"]
[Black "Caruana,F"]
[Result "0-1"]
[WhiteElo "2342"]
[BlackElo "2721"]

1.e4 c5 2.Nf3 d6 3.Bb5+ Nc6 4.O-O Bd7 5.c3 Nf6 6.d4 Nxe4 7.d5 Ne5 8.Bxd7+ Nxd7
9.Bf4 Nef6 10.Re1 Nb6 11.Na3 Nbxd5 12.Nb5 e6 13.Qa4 Qd7 14.c4 Nxf4 15.Rad1 Ng6
16.Ng5 Be7 17.Nc7+ Kd8 18.Nb5 Rf8 19.Re2 Kc8 20.Red2 Kb8 21.Qb3 a6 22.Nxd6 Bxd6
23.Rxd6 Qc7 24.Qg3 e5 25.Qe3 h6 26.Ne4 Nxe4 27.Qxe4 Ka7 28.b4 Rad8 29.bxc5 Rxd6
30.Rxd6 Qxc5 31.Rd7 Qc8  0-1

[Event "Oceania Zonal"]
[Site "Rotorua NZL"]
[Date "2011.01.27"]
[Round "4.19"]
[White "Milligan,H"]
[Black "Deen Cowell,N"]
[Result "1-0"]
[WhiteElo "2048"]
[BlackElo "1917"]

1.e4 c5 2.Nf3 d6 3.Bb5+ Bd7 4.Bxd7+ Qxd7 5.O-O Nc6 6.c4 g6 7.d4 cxd4 8.Nxd4 Nf6
9.Nc3 Bg7 10.Nde2 O-O 11.f3 a6 12.Bg5 Ne5 13.b3 b5 14.cxb5 axb5 15.Rc1 Rfc8
16.Qd2 b4 17.Na4 Qb7 18.Be3 Ned7 19.Rxc8+ Rxc8 20.Rc1 Rb8 21.Nf4 Bh6 22.Rc4 Qb5
23.Nd3 Bxe3+ 24.Qxe3 Qa5 25.Qd4 Ne5 26.Nxe5 dxe5 27.Qd2 Ne8 28.Rc5 Qa7 29.Kf1 f6
30.Rd5 Nd6 31.Nc5 Rc8 32.Nd3 Qa3 33.Rc5 Rb8 34.Rc7 Kf7 35.Nc5 Ke8 36.Na4 Kd8
37.Qc2 Rb7 38.Rxb7 Nxb7 39.Ke2 Nd6 40.Qb2 Qxb2+ 41.Nxb2 Nb5 42.Na4 Kc7 43.Kd3 Nd6
44.Nb2 Kc6 45.Nd1 Kc5 46.Ne3 f5 47.Nd5 Nc8 48.h4 h5 49.Nc7 Nd6 50.Ne6+ Kb6
51.Nf8 Kc5 52.Nxg6 fxe4+ 53.fxe4 Nb5 54.Nxe5 Nc3 55.g4 Kd6 56.Nc4+ Ke6 57.g5 Nxa2
58.Nd2 Kf7 59.Kc4 Ke6 60.Nf1 Kf7 61.Ng3 Kg6 62.Nf5 Kf7 63.Nd4 Nc1 64.Kxb4 Nd3+
65.Ka5 Ne5 66.b4 Ke8 67.b5 Kd8 68.Ne6+  1-0

[Event "Gibraltar Masters"]
[Site "Caleta ENG"]
[Date "2011.01.28"]
[Round "4.63"]
[White "Dasaolu,A"]
[Black "Zaremba,An"]
[Result "0-1"]
[WhiteElo "2107"]
[BlackElo "2339"]

1.e4 c5 2.Nf3 d6 3.Bb5+ Bd7 4.Qe2 e6 5.O-O Nc6 6.c3 a6 7.Ba4 b5 8.Bc2 g6
9.d4 cxd4 10.cxd4 Bg7 11.Rd1 Nge7 12.Nc3 b4 13.d5 bxc3 14.dxc6 Bxc6 15.bxc3 Bxc3
16.Bg5 h6 17.Bxe7 Kxe7 18.Nd4 Bb5 19.Nxb5 axb5 20.Rab1 b4 21.Bb3 Ra5 22.Rd3 Qc7
23.Rbd1 Be5 24.g3 g5 25.Qd2 Qc5 26.Kg2 Rg8 27.Qe2 Rg6 28.Qe3 Qxe3 29.Rxe3 g4
30.Rc1 Bc3 31.Rd1 h5 32.Red3 Ra6 33.h3 Rc6 34.Rh1 Be5 35.hxg4 hxg4 36.Rdd1 Rc3
37.Rh4 Rf3 38.Rd2 Bf6 39.Rh5 Bc3 40.Rc2 Bd4 41.Rh4 Rgf6 42.Rxg4 Rxf2+ 43.Rxf2 Rxf2+
44.Kh3 Be5 45.Bc4 Kd7 46.Rg8 Rc2 47.Bb3 Re2 48.Rg4 Kc6 49.Bc4 Rf2 50.Rg8 Kc5
51.Rc8+ Kd4 52.Bb3 Rf3 53.Rc4+ Ke3 54.Rxb4 Rxg3+ 55.Kh4 Kf4  0-1

[Event "Gibraltar Masters"]
[Site "Caleta ENG"]
[Date "2011.01.29"]
[Round "5.108"]
[White "Forsa,E"]
[Black "Martinez Gonzalez,Francisco II"]
[Result "0-1"]
[WhiteElo "1726"]
[BlackElo "1870"]

1.e4 c5 2.Nf3 d6 3.Bb5+ Bd7 4.Bxd7+ Qxd7 5.d4 cxd4 6.Nxd4 a6 7.Nc3 Nf6 8.f3 Nc6
9.Be3 Rc8 10.Qd2 g6 11.Nce2 Ne5 12.Qc1 Qc7 13.O-O Bg7 14.Kh1 d5 15.exd5 Nxd5
16.Bg1 O-O 17.c3 Nd7 18.Qd2 N7b6 19.Rab1 e5 20.Nc2 Rcd8 21.Qe1 Rfe8 22.Qg3 Nc4
23.Rfd1 Bh6 24.Qh4 Be3 25.Nxe3 Ncxe3 26.Rd3 Nf5 27.Qe1 Nf6 28.Rbd1 Rxd3 29.Rxd3 Qc4
30.Rd2 e4 31.b3 Qc6 32.fxe4 Qxe4 33.Qf1 Qh4 34.Bf2 Qh6 35.Rc2 Ng4 36.Qg1 Nfe3
37.Rb2 Nd1  0-1

[Event "Moscow Open F Women"]
[Site "Moscow RUS"]
[Date "2011.01.29"]
[Round "1.10"]
[White "Abdumalik,Z"]
[Black "Charochkina,D"]
[Result "0-1"]
[WhiteElo "1938"]
[BlackElo "2314"]

1.e4 c5 2.Nf3 d6 3.Bb5+ Nc6 4.O-O Bd7 5.Re1 Nf6 6.c3 a6 7.Bf1 Bg4 8.h3 Bh5
9.d3 e6 10.Nbd2 Be7 11.Be2 d5 12.Qc2 O-O 13.b3 d4 14.Bb2 Rc8 15.c4 Nd7 16.a3 a5
17.Nh2 Bxe2 18.Rxe2 Bd6 19.Rf1 Qc7 20.g3 f5 21.exf5 exf5 22.Kg2 f4 23.g4 h5
24.f3 Nde5 25.Ne4 Be7 26.gxh5 Rf5 27.Bc1 Rcf8 28.h6 gxh6 29.Ng4 Kh7 30.Kh2 Rh5
31.Rg2 Nxg4+ 32.Rxg4 Ne5 33.Rg2 Qd7 34.Rg4 Nxg4+ 35.fxg4 Qxg4 36.Qg2 Qxg2+
37.Kxg2 f3+ 38.Kh2 Bd8 39.Rh1 Rg8 40.Rg1 Bc7+ 41.Rg3 Rxg3 42.Nxg3 f2 43.Kg2 Bxg3  0-1

[Event "Moscow Open E"]
[Site "Moscow RUS"]
[Date "2011.01.29"]
[Round "1"]
[White "Bolshagin,V"]
[Black "Kokarev,Dm"]
[Result "0-1"]
[WhiteElo "2061"]
[BlackElo "2583"]

1.e4 c5 2.Nf3 d6 3.Bb5+ Bd7 4.Bxd7+ Qxd7 5.c4 g6 6.d4 cxd4 7.Nxd4 Bg7 8.Nc3 Nf6
9.f3 Qc7 10.b3 Qa5 11.Bb2 Nc6 12.O-O O-O 13.Kh1 Nd7 14.Nd5 Rfe8 15.Bc3 Qd8
16.Nb5 Bxc3 17.Ndxc3 a6 18.Nd4 Qb6 19.Nc2 Rac8 20.Qd2 Qc5 21.Qe3 Nce5 22.Rac1 b5
23.f4 Ng4 24.Qxc5 Nxc5 25.h3 Nf6 26.e5 dxe5 27.fxe5 Nfe4 28.Nxe4 Nxe4 29.Rfe1 Nf2+
30.Kg1 Nd3 31.Ne3 Red8 32.Red1 Nxc1 33.Rxc1 Rd2 34.c5 Re2 35.Rc3 b4 36.Rd3 Rxc5
37.Rd8+ Kg7 38.Nc4 Rc7 39.Rb8 Rxa2 40.Rxb4 a5 41.Rb8 a4 42.Ne3 Re2 43.Nd5 Rc1+
44.Kh2 Rxe5 45.Nf4 Rb1 46.b4 e6 47.Rb7 Rb3 48.Ra7 Rxb4 49.Nd3 Reb5 50.Nxb4 Rxb4
51.Ra6 h5 52.Kg1 h4 53.Kf2 e5 54.Ke2 f5 55.Re6 Rb2+ 56.Ke3 Rb3+  0-1

[Event "71st ch-ARM"]
[Site "Yerevan ARM"]
[Date "2011.01.29"]
[Round "11"]
[White "Minasian,Ara"]
[Black "Pashikian,A"]
[Result "0-1"]
[WhiteElo "2464"]
[BlackElo "2640"]

1.e4 c5 2.Nf3 d6 3.Bb5+ Nd7 4.O-O a6 5.Bxd7+ Bxd7 6.d4 cxd4 7.Qxd4 Rc8 8.Nc3 e5
9.Qd3 h6 10.a4 Nf6 11.Be3 Be7 12.Rfd1 O-O 13.a5 Be6 14.Nd2 d5 15.Bb6 Qd7
16.Nf3 Bd6 17.exd5 Bf5 18.Qe2 Rfe8 19.Nh4 Bh7 20.g3 Qh3 21.f3 e4 22.f4 e3
23.Bd4 Nxd5 24.Bxg7 Nxf4 25.gxf4 Kxg7 26.Rxd6 Qxh4 27.Rf1 Kh8 28.f5 Qg5+
29.Kh1 Bxf5 30.Rg1 Qh4 31.Rg3 Qf4 32.Rb6 Bg6 33.Rf3 Qe5 34.Rxb7 Rcd8 35.Qxa6 Rd1+
36.Kg2 Rd2+ 37.Ne2 Qg5+ 38.Rg3 Be4+  0-1

[Event "Belgrade Individual 2011"]
[Site "Belgrade SRB"]
[Date "2011.01.30"]
[Round "9.18"]
[White "Stamatovic,A"]
[Black "Vrbljanac,A"]
[Result "1/2-1/2"]
[WhiteElo "2213"]
[BlackElo "2298"]

1.e4 c5 2.Nf3 d6 3.Bb5+ Nc6 4.O-O Bd7 5.Re1 Nf6 6.c3 a6 7.Bxc6 Bxc6 8.e5 dxe5
9.Nxe5 Qd5 10.Nxc6 Qxc6 11.d4 cxd4 12.Qxd4 e6 13.Be3 Rd8 14.Qb6 Qxb6 15.Bxb6 Rd7
16.Bd4 Be7 17.Nd2 b5 18.a4 O-O 19.axb5 axb5 20.Nb3 Rc8 21.Red1 h6 22.Kf1 Nd5
23.Rac1 f6 24.f3 Kf7 25.Bf2 e5 26.Rd3 Ke6 27.Re1 Kf7 28.g3 b4 29.cxb4 Bxb4
30.Red1 Ke6 31.f4 Rcd8 32.Ke2 Ne7 33.fxe5 Rxd3 34.Rxd3 Rxd3 35.Kxd3 fxe5
36.Ke4 Ng8 37.Nc5+ Bxc5 38.Bxc5 Nf6+ 39.Kf3 h5 40.h4 Kd5 41.Bf8 g6 42.Bg7 Ne4
43.b4 Nd2+ 44.Ke2 Ne4 45.Kf3 Nc3 46.Ke3 Nb5 47.Bf8 Na3 48.Bc5 Nc4+ 49.Ke2 Na3
50.Kf3 Nc2 51.Ke2 Na3  1/2-1/2

[Event "Gibraltar Masters"]
[Site "Caleta ENG"]
[Date "2011.01.30"]
[Round "6.109"]
[White "Forsa,E"]
[Black "Veiga Rodriguez,Pablo"]
[Result "1-0"]
[WhiteElo "1726"]
[BlackElo "1528"]

1.e4 c5 2.Nf3 d6 3.Bb5+ Bd7 4.Bxd7+ Qxd7 5.O-O Nc6 6.c3 e5 7.d4 cxd4 8.cxd4 Nf6
9.Nc3 Rd8 10.Be3 a6 11.Qe2 Ng4 12.Rad1 Nxe3 13.Qxe3 Qc8 14.Rc1 Qb8 15.d5 Ne7
16.Ne2 Nc8 17.Nd2 Be7 18.Ng3 O-O 19.Rc2 Rd7 20.Qe2 Rfd8 21.Rfc1 Bf8 22.Qg4 Na7
23.Nh5 Kh8 24.Rc3 Nb5 25.Rg3 g6 26.Rb1 Nd4 27.Nf6 Rc7 28.Rh3 h6 29.Qg5 Ne2+
30.Kf1 Nf4 31.Rxh6+ Kg7 32.Rh7+  1-0

[Event "Frauenbundesliga 1st Div 2010-11"]
[Site "Germany GER"]
[Date "2011.01.30"]
[Round "7.4"]
[White "Sedina,E"]
[Black "Sikorska,A1"]
[Result "1-0"]
[WhiteElo "2332"]
[BlackElo "2068"]

1.e4 c5 2.Nf3 d6 3.Bb5+ Nc6 4.O-O Bg4 5.h3 Bd7 6.Re1 Nf6 7.c3 a6 8.Bf1 e5
9.d4 Be7 10.d5 Nb8 11.a4 b6 12.Nbd2 O-O 13.Nc4 Re8 14.Qb3 Bxa4 15.Qxb6 Qd7
16.Qa5 Bc2 17.Nb6 Qb7 18.Nxa8 Bd8 19.Bxa6 Qxa8 20.Qb5 Kf8 21.Bg5 Nbd7 22.Bxf6 Nxf6
23.Bb7 Qb8 24.Ra8 Qc7 25.Bc6 Re7 26.Qb8  1-0

[Event "Gibraltar Masters"]
[Site "Caleta ENG"]
[Date "2011.01.31"]
[Round "7.24"]
[White "Karim,I"]
[Black "Robson,R"]
[Result "1/2-1/2"]
[WhiteElo "2375"]
[BlackElo "2532"]

1.e4 c5 2.Nf3 d6 3.Bb5+ Bd7 4.Bxd7+ Qxd7 5.O-O Nf6 6.e5 dxe5 7.Nxe5 Qc8 8.Qf3 e6
9.Nc3 Be7 10.d3 O-O 11.Bf4 Nfd7 12.Qg3 Nxe5 13.Bxe5 f6 14.Bxb8 Rxb8 15.Rfe1 Qc6
16.Qe3 e5 17.Qe4 Rbc8 18.Qxc6 Rxc6 19.Nd5 Kf7 20.c4 Bd6 21.Re2 Rb8 22.a4 Rd8
23.Ra3 Rd7 24.Re1 Bc7 25.a5 Bd8 26.Rea1 a6 27.Rb1 Ke6 28.g3 Bc7 29.Ra4 Bd6
30.Kg2 Be7  1/2-1/2

[Event "Gibraltar Masters"]
[Site "Caleta ENG"]
[Date "2011.01.31"]
[Round "7.14"]
[White "Georgiev,Ki"]
[Black "Al Sayed,Mohamad"]
[Result "1-0"]
[WhiteElo "2669"]
[BlackElo "2490"]

1.e4 c5 2.Nf3 d6 3.Bb5+ Nc6 4.O-O Bd7 5.Re1 Nf6 6.h3 Ne5 7.a4 a6 8.Bf1 Nxf3+
9.Qxf3 g6 10.c3 Bc6 11.d4 d5 12.exd5 Qxd5  1-0

[Event "Moscow Open E"]
[Site "Moscow RUS"]
[Date "2011.01.31"]
[Round "3"]
[White "Yandemirov,V"]
[Black "Amonatov,F"]
[Result "0-1"]
[WhiteElo "2380"]
[BlackElo "2590"]

1.e4 c5 2.Nf3 d6 3.Bb5+ Bd7 4.Bxd7+ Qxd7 5.O-O Nf6 6.Qe2 Nc6 7.Rd1 g5 8.d4 g4
9.Ne5 dxe5 10.dxe5 Nd4 11.Rxd4 cxd4 12.exf6 exf6 13.Bf4 Bg7 14.Nd2 O-O 15.Qd3 Rac8
16.Nf1 Qa4 17.Rc1 Qxa2 18.Ng3 Qxb2 19.Nf5 Rc3 20.Qd1 h5 21.h3 Re8 22.Qxd4 Rxc2
23.Rxc2 Qxc2 24.Nd6 Re6 25.hxg4 hxg4 26.Kh2 Bf8 27.e5 fxe5 28.Bxe5 Qg6 29.Ne4 Qh5+  0-1

[Event "33rd Bulgarian Open"]
[Site "Plovdiv BUL"]
[Date "2011.01.31"]
[Round "2.11"]
[White "Petkov,H"]
[Black "Tadic,Br"]
[Result "0-1"]
[WhiteElo "2077"]
[BlackElo "2518"]

1.e4 c5 2.Nf3 d6 3.Bb5+ Nc6 4.d4 cxd4 5.Nxd4 Bd7 6.Nc3 g6 7.Be3 Nf6 8.f3 Bg7
9.Qd2 O-O 10.O-O-O Ne5 11.Be2 Rc8 12.Kb1 Nc4 13.Bxc4 Rxc4 14.g4 b5 15.Nd5 Nxd5
16.exd5 Qa8 17.Ne2 Rfc8 18.Rc1 e6 19.dxe6 Bxe6 20.Rhf1 Qb7 21.Nf4 Qa6 22.Nxe6 fxe6
23.Rfd1 d5 24.c3 Qb7 25.a3 a5 26.Qe1 e5 27.Qd2 d4 28.cxd4 exd4 29.Bg1 Qxf3
30.Rxc4 bxc4 31.Rc1 c3 32.bxc3 dxc3  0-1

[Event "Gibraltar Masters"]
[Site "Caleta ENG"]
[Date "2011.02.01"]
[Round "8.31"]
[White "Jones,G"]
[Black "Zaremba,An"]
[Result "1-0"]
[WhiteElo "2593"]
[BlackElo "2339"]

1.e4 c5 2.Nf3 d6 3.Bb5+ Bd7 4.Bxd7+ Qxd7 5.O-O Nc6 6.Qe2 e6 7.Rd1 Nge7 8.b3 d5
9.exd5 Nxd5 10.Bb2 Be7 11.Na3 Bf6 12.Bxf6 Nxf6 13.d4 cxd4 14.Nb5 O-O 15.Nbxd4 Nd5
16.Qd2 Nxd4 17.Qxd4 Qc7 18.c4 Nb4 19.Qe4 h6 20.g4 Qc6 21.Qf4 Rad8 22.a3 Nd3
23.Qe3 Nc5 24.Ne5 Qc7 25.b4 Na4 26.c5 Nb2 27.Rdb1 Rd5 28.f4 g5 29.Rxb2 gxf4
30.Qxf4 Rxe5 31.Rf1 Rd8 32.Rbf2 Rd7 33.Qxh6 Qd8 34.Qf6 Qxf6 35.Rxf6 a5 36.R6f4 Re3
37.R1f3 Rxf3 38.Rxf3 axb4 39.axb4 Rd4 40.Rb3 Rxg4+ 41.Kf2 Kf8 42.b5 Ke7 43.c6 bxc6
44.b6 Rg8 45.b7 Rb8 46.Ke3 Kd6 47.Kd3 f5 48.h4 e5 49.Rb1 e4+ 50.Kc4 e3 51.Kd3 f4
52.h5 Ke7 53.h6 Kf8 54.Ra1 Rxb7 55.Ra8+ Kf7 56.h7 Rb3+ 57.Kc2 e2 58.h8=Q e1=Q
59.Rf8+ Kg6 60.Rf6+  1-0